000 00775naa a2200265 i 4500
001 22115
003 ES-MaBCM
005 20241016094251.0
008 930129s1992 fra 000 0 fre d
021 _axx
035 _a(OCoLC)1365224636
040 _cES-MaBCM
041 0 _afre
043 _afra
100 1 _aCazenave, Hugues
_99136
245 1 3 _aLa communication politique, medias et vie politique
_cHugues Cazenave
650 7 _aTelevisión
_960428
650 2 7 _aDemocracia
_958263
650 7 _aInformación
_958991
650 2 7 _aElectorado
_958508
650 7 _aMedios de comunicación de masas
_958014
650 7 _aRadiodifusión
_959998
773 0 _aEn:
_tLa communication
_dParis : 1992
_w115603
_gnº 258, oct.-déc., p. 62-67
942 _cAMON
999 _c22115
_d22115